000 00842nam a2200181 i 4500
001 162377
003 ES-MaACL
005 20251003063141.0
008 990125s1857 sp c |||| | spa d
100 1 _aPoleró y Toledo, Vicente,
_d1824-1911
_992809
245 1 0 _aCatálogo de los cuadros del Real Monasterio de San Lorenzo, llamado del Escorial
_b: en el que se comprenden los del Real Palacio, Casino del Príncipe y Capilla de la Fresneda /
_credactado por Vicente Poleró y Toledo.
260 _aMadrid :
_b[s.n.],
_c1857 (
_fImp. de Tejado)
300 _a201 p. ;
_c20 cm.
610 2 _aMonasterio de El Escorial.
_95729
650 4 _aPintura-
_zMonasterio de El Escorial-
_vCatálogos.
_9169665
852 _aES-MaACL
_jT-304-F-3
_z- Enc. hol.
_q- Falto de cub. original
_z- Enc. en un vol. facticio
999 _c162377
_d162377